000 00892nam a2200265 a 4500
001 000026930
003 DO-SdBNP
005 20171009134041.0
007 000026930
008 110328s1973 dr 000 0 spa d
040 _aBPMSU
_bspa
_cBPMSU
082 4 _2
_a917.293
_bM378a
100 1 _aMartí, José,
245 1 0 _aApuntes de un viaje :
_bmi estadía en Santo Domingo /
_cJosé Martí.
246 _aApuntes de un viaje a Santo Domingo (1895)
260 _aSanto Domingo :
_bEdiciones Renovación
_c1973
300 _a98 p. ;
_c22 cm.
500 _aIncluye referencias bibliográficas y notas al pie de las páginas
600 _aMARTÍ, JOSÉ,
_d1853-1895
_xVIAJE
651 _aREPÚBLICA DOMINICANA
_xDESCRIPCIONES Y VIAJES
651 _aHAITY
_xDESCRIPCIONES Y VIAJES
942 _2ddc
_cBK
945 _aInventariado / 2017 VM
956 _aVMATEO
_b10
_c20150512
_lBPMSU
_h00151
999 _c7870
_d7870